000 00487nam a2200157Ia 4500
003 GCL
008 140319s9999 xx 000 0 ara d
040 _aGCL /
_cGCL
082 0 4 _a895.6
_bم د
100 1 _aمعهد الثقافة اليابانى
245 1 0 _aدعوة الى الادب اليابانى /
_cمعهد الثقافة اليابانى
490 _a
650 0 4 _aالادب اليابانى
650 0 4 _aالادب اليابانى المترجم
942 _2ddc
_cBK
999 _c40066
_d40066